000 00788nam a2200253Ia 4500
003 OSt
005 20220927112118.0
006 a|||||r|||| 00| 0
007 ta
008 220926b |||||||| |||| 00| 0 eng d
024 _a108246
037 _cReports
040 _aRTL
_cRTL
_beng
041 _2eng
_aeng
082 _a"X9(L:5).3.N76t, L8"
111 _aNational health Service (Royal Commission on the-) (Chairman : A W Merrison) (1976 : Great Britain)
_9383128
245 0 _aAllocating health resources
_b A commentary on the
260 _aLondon
_bH M S O U K
_c1978
300 _a27p.
_ccm.
500 _aIts research paper. 3
650 _aHealth Economics
_9375982
942 _h"X9(L:5).3.N76t, L8"
_cCC
999 _c699815
_d699815